00686nam a2200241Ia 4500003000400000005001700004008004100021020001600062040000700078041000800085082001600093100002400109245002300133250000600156260004000162300001700202365001300219650002900232906002400261942001200285999001900297952012800316OSt20230502113630.0210423s2003 xx 000 0 und d a81025496310 cAL aeng a574.88 KUMH aKUMAR (H D).995879 aMolecular biology. a2 aNew DelhibVikas Publicationsc2003 aviii,370bPB b195cINR aMolecular Biology995880 abiology ; Molecular 2ddccBK c162959d162959 001040708BTaSACPGbSACPGd2003-09-15eBook Worldg195.00l0o574.88 KUMHpPG009453r2022-08-24 00:00:00w2021-04-26yBK